Catálogo
 En Linea

La contribucion de Henri Wallon a la psicologia contemporanea. (Registro nro. 14989)

Detalles MARC
000 -CABECERA
campo de control de longitud fija 00784cam a22002291 4500
001 - NÚMERO DE CONTROL
campo de control 000015431
005 - FECHA Y HORA DE LA ÚLTIMA TRANSACCIÓN
campo de control 20200929164035.0
008 - DATOS DE LONGITUD FIJA--INFORMACIÓN GENERAL
campo de control de longitud fija 720215s1967 ve b 000 0bspa
010 ## - NÚMERO DE CONTROL DE LA BIBLIOTECA DEL CONGRESO
Número de control de LC 70266610
040 ## - FUENTE DE LA CATALOGACIÓN
Centro catalogador/agencia de origen DO-SdBNP
Centro/agencia transcriptor DLC
Centro/agencia modificador DLC
050 00 - SIGNATURA TOPOGRÁFICA DE LA BIBLIOTECA DEL CONGRESO
Número de clasificación BF109.W33
Número de documento/Ítem B7
100 2# - ENTRADA PRINCIPAL--NOMBRE DE PERSONA
Nombre de persona Brito Figueroa, Luisana de.
9 (RLIN) 34829
245 13 - MENCIÓN DE TÍTULO
Título La contribucion de Henri Wallon a la psicologia contemporanea.
260 ## - PUBLICACIÓN, DISTRIBUCIÓN, ETC.
Lugar de publicación, distribución, etc. Caracas, :
Nombre del editor, distribuidor, etc. Direccion de Cultura, Universidad Central de Venezuela,
Fecha de publicación, distribución, etc. 1967.
300 ## - DESCRIPCIÓN FÍSICA
Extensión 151 p. ;
Dimensiones 23 cm.
440 #0 - MENCIÓN DE SERIE/PUNTO DE ACCESO ADICIONAL--TÍTULO
Título Coleccion Humanismo y ciencia ;
Designación de volumen o secuencia 4
9 (RLIN) 34830
504 ## - NOTA DE BIBLIOGRAFÍA, ETC.
Nota de bibliografía, etc. Bibliography: p. 149-151.
600 10 - PUNTO DE ACCESO ADICIONAL DE MATERIA--NOMBRE DE PERSONA
Nombre de persona Wallon, Henri,
Fechas asociadas al nombre 1879-1962.
9 (RLIN) 34831
650 #0 - PUNTO DE ACCESO ADICIONAL DE MATERIA--TÉRMINO DE MATERIA
Término de materia o nombre geográfico como elemento de entrada Thought and thinking.
9 (RLIN) 34832
650 #0 - PUNTO DE ACCESO ADICIONAL DE MATERIA--TÉRMINO DE MATERIA
Término de materia o nombre geográfico como elemento de entrada Child psychology.
9 (RLIN) 34833
910 ## - DATOS DE OPCIÓN DEL USUARIO (OCLC)
Datos de opción del usuario Catalogación por copia / LC
Existencias
Estado de retiro Estado de pérdida Restricciones de uso No para préstamo Código de colección Localización permanente Ubicación/localización actual Ubicación en estantería Fecha de adquisición Número de inventario Total de préstamos Signatura topográfica completa Código de barras Fecha visto por última vez Precio válido a partir de Tipo de ítem Koha
    Préstamo interno   Monografías: Libros y Folletos General General En catalogación 08.02.2010 LF1   15431-10 25.06.2020 25.06.2020 Préstamo interno

Con tecnología Koha